| Tag |
First Indicator |
Second Indicator |
Subfields |
| LEADER |
00000cam a2200000 a 4500 |
| 001 |
in00000012924 |
| 005 |
20151007052302.0 |
| 008 |
860416s1983 bl b f00010 por |
| 010 |
|
|
|a 84129936
|
| 035 |
|
|
|a (OCoLC)12885095
|
| 035 |
|
|
|9 AAA7122AM
|
| 040 |
|
|
|a DLC
|c DLC
|d m/c
|d TXA
|d UtOrBLW
|
| 041 |
0 |
|
|a por
|b eng
|
| 043 |
|
|
|a s-bl---
|
| 049 |
|
|
|a TXAM
|c [A11045646]
|
| 050 |
0 |
0 |
|a F2546
|b .S66 1983
|
| 082 |
0 |
|
|a 981/.101
|2 19
|
| 100 |
1 |
|
|a Simões, Mário F.
|
| 245 |
1 |
0 |
|a Pesquisa e cadastro de sítios arqueológicos na Amazônia legal brasileira, 1978-1982 /
|c Mʹario F. Simões.
|
| 264 |
|
1 |
|a Belém, Pará, Brasil :
|b Conselho Nacional de Desenvolvimento Científico e Tecnológico, Museu Paraense Emílio Goeldi,
|c 1983.
|
| 300 |
|
|
|a 100 pages ;
|c 27 cm.
|
| 336 |
|
|
|a text
|b txt
|2 rdacontent
|
| 337 |
|
|
|a unmediated
|b n
|2 rdamedia
|
| 338 |
|
|
|a volume
|b nc
|2 rdacarrier
|
| 490 |
1 |
|
|a Publicações avulsas,
|x 0077-2240 ;
|v no. 38
|
| 500 |
|
|
|a Summary in English.
|
| 504 |
|
|
|a Bibliography: pages 98-100.
|
| 651 |
|
0 |
|a Amazon River Region
|x Antiquities.
|
| 651 |
|
0 |
|a Brazil
|x Antiquities.
|
| 830 |
|
0 |
|a Publicações avulsas (Museu Paraense Emílio Goeldi) ;
|v no. 38.
|
| 999 |
|
|
|a MARS
|
| 999 |
f |
f |
|s f7384ded-3651-3c9e-9f96-0fc1ad97ee23
|i fdb79a19-8881-3025-a75f-20fff778cc81
|t 0
|
| 952 |
f |
f |
|p ric
|a Texas A&M University
|b Rellis Campus
|c Joint Library Facility
|d Remote Storage
|t 0
|e F2546 .S66 1983
|h Library of Congress classification
|i unmediated -- volume
|m A14811045646
|
| 998 |
f |
f |
|a F2546 .S66 1983
|t 0
|l Remote Storage
|